000 00472nam a2200181Ia 4500
001 3870
005 20260306145715.0
008 260306t2009||||xx |||||||||||||| ||spa||
041 _aESP
082 _a304.6
_bI51 2007
100 _aFondo de Población de las Naciones Unidas
_eAUT
245 0 _aCenso del 2007:
_banálisis de temas poblacionales I
260 _c2009
300 _a60 páginas :
_c30 cm.
650 _aGEN
654 _aCHU
942 _cLIB
_dJUS
_fJUS
_2ddc
_n
999 _c3870
_d3870